Statistiques concernant Culture Générale - Série 1365

Cliquez ici pour prendre le quiz!

Statistiques générales

  • Ce quiz a été pris 47 fois
  • Le résultat moyen est 9 sur 10

Statistiques - réponses

Question Réponse % Correct
Quelle couleur primaire peut être "roi", "électrique" ou "de cobalt" ?bleu
100%
Quel vêtement peut être de "laine", de "sauvetage" ou "pare-balle" ?gilet
100%
Dans quel organe sensoriel humain peut-on trouver du cérumen ?'oreille
98%
Dans quelle discipline sportive peut-on voir évoluer Jo Wilfried Tsonga au niveau professionnel ?tennis
98%
Quel poisson peut être "tigre", "blanc", "pèlerin" ou "marteau" ?requin
98%
Comment appelle-t-on le petit du rat ?raton
95%
Dans quel pays se situe la ville de Cordoue, célèbre pour sa Grande Mosquée ?Espagne
93%
Quel acrobate tire son nom du latin "funis" qui signifie corde ?funambule
89%
Quel liquide organique, s'écrivant en 3 lettres, peut être gastrique ou pancréatique ?suc
84%
Quelle cucurbitacée peut être “diamant”, “grisette de Provence” ou “reine des noires” ?courgette
68%

Distribution des résultats

Percentile par nombre de réponses

% des personnes avec chaque résultat

Votre développement - résultats

Vous n’avez pas pris ce quiz